000 00839nam a2200217Ii 4500
003 JO-AjNU
008 230605s9999||||xx |||||||||||||| ||und||
020 _a978-9948-499-97-8
040 _aJO-AjNU
_bara
_erda
_cJO-AjNU
041 _aara
050 1 4 _aBP188.3 2014
100 3 _aالشحيمي، محمد سعد خلف الله,
_eauthor
_951522
245 0 0 _aكلمات الى الشباب في العلاقة مع الله والنفس والأسرة والمجتمع
250 _aط1
264 3 1 _aدبي: دائرة الشؤون الإسلامية والعمل الخيري، 2014
300 _a224ص
_bالمصادر والمراجع ص 199-218
336 _atext
_btxt
_2rdacontent
337 _aunmediated
_bn
_2rdamedia
338 _avolume
_bnc
_2rdacarrier
650 4 _aالاسرة والمجتمع- الشباب
_951523
999 _aA22767
_c26335
_d26335